00474 2200193 4500001002100000008004100021035002000062245004300082100001200125260002400137300002000161020002200181084001400203082000800217650001000225990001500235990001500250990001500265INLIS000000000003228 ind  a0010-1225000049 aKami (Bukan) Fakir AsmaracJ.S.Khairen aKhairen aJakarta :bGrasindo a392c13,5x20 cm a978-602-05-3091-8 a813 KHA k a813 aFiksi a19693/B/26 a19694/B/26 a19695/B/26